000 00651nam a22002177a 4500
003 UA-OsUOA
001 82996
007 ta
008 20120327b un ||||| |||| 00| 0 ukr d
100 _aВертій О.
090 _a82
_bВ35
942 _cSA
040 _aUA-OsUOA
_bukr
_cUA-OsUOA
_dUA-OsUOA
245 _aМетодика вивчення української літератури на сучасному етапі: основні ознаки і поняття
300 _aС.51-58
955 _a0
041 _aukr
080 _a82
773 0 _w82989
650 7 _a82 Література. Літературознавство
_2UDC
999 _c369332
_d369332